| 000 | 01065nam a2200289 i 4500 | ||
|---|---|---|---|
| 003 | DO-SdBNP | ||
| 005 | 20250806112240.0 | ||
| 007 | ta | ||
| 008 | 240318b2023 dr a|||| |||| 00| 0 spa d | ||
| 020 | _a9789945250800 | ||
| 040 |
_aDO-SdBNP _bspa _cBNPHU _erda |
||
| 082 | 4 |
_a972.9305092 _bC111b _222 |
|
| 100 |
_aCaamaño Deñó, Francisco Alberto, _d1932-1973 _eautor _4aut. _910026 |
||
| 245 | 1 | 0 |
_aDiario de Caamaño en Cuba (1967-1973) / _cFrancisco Alberto Caamaño Deñó ; editor, Andrés Blanco Díaz ; presentación, Roberto Cassá |
| 250 | _aPrimera edición | ||
| 264 | 4 |
_aSanto Domingo : _bArchivo General de la Nación, _c©2023. |
|
| 300 |
_a604 páginas : _bilustraciones ; _c23cm. |
||
| 336 |
_atexto _btxt _2rdacontent |
||
| 337 |
_asin mediación _bn _2rdamedia |
||
| 338 |
_avolumen _bnc _2rdacarrier |
||
| 490 |
_aArchivo General de la Nación _v497 |
||
| 590 | _aInventariado, 2024/BT | ||
| 700 | 1 |
_aBlanco Díaz, Andrés, _eeditor _4ed. _9172 |
|
| 700 | 1 |
_aCassá, Roberto, _4pre. _epresentación _981564 |
|
| 910 | _aBtavárez | ||
| 942 |
_2ddc _cLBS1 |
||
| 999 |
_c56128 _d56128 |
||